[Event "Vienna Ottakring 100 Years"]
[Site "Vienna"]
[Date "2023.08.30"]
[Round "5"]
[White "Krause, Benedict"]
[Black "Balint, Peter1111"]
[Result "1/2-1/2"]
[WhiteElo "2409"]
[BlackElo "2176"]
[PlyCount "66"]
[EventDate "2023.08.26"]
[EventType "swiss"]
[EventRounds "9"]
[EventCountry "AUT"]
[SourceTitle "EXT 2024"]
[Source "ChessBase"]
[SourceDate "2023.10.10"]
[SourceVersion "1"]
[SourceVersionDate "2023.10.10"]
[SourceQuality "1"]

1. e4 e5 2. Nf3 Nc6 3. Bc4 Bc5 4. c3 Nf6 5. d3 d6 6. 0-0 a5 7. Re1 Ba7 8. Nbd2 0-0 9. h3 Be6 10. Bb5 Ne7 11. d4 Ng6 12. Nf1 Nh5 13. Be3 Nhf4 14. Ng3 c6 15. Ba4 Qc8 16. Ng5 Bd7 17. Bxf4 Nxf4 18. Nh5 Qd8 19. h4 h6 20. Nxf4 hxg5 21. Nh3 gxh4 22. dxe5 Bxh3 23. gxh3 Qg5+ 24. Qg4 Qxg4+ 25. hxg4 dxe5 26. Rad1 Rad8 27. Bb3 g6 28. Kg2 Kg7 29. g5 f6 30. Rxd8 Rxd8 31. Rd1 Rxd1 32. Bxd1 fxg5 33. Bg4 Kf6 1/2-1/2

[Event "Prague Summer op-A 10th"]
[Site "Prague"]
[Date "2023.08.10"]
[Round "8"]
[White "Krause, Benedict"]
[Black "Hajiyev, Kanan"]
[Result "1-0"]
[WhiteElo "2409"]
[BlackElo "2109"]
[PlyCount "121"]
[EventDate "2023.08.04"]
[EventType "swiss"]
[EventRounds "9"]
[EventCountry "CZE"]
[SourceTitle "CBM 215 Extra"]
[Source "ChessBase"]
[SourceDate "2023.09.30"]
[SourceVersion "1"]
[SourceVersionDate "2023.09.30"]
[SourceQuality "1"]

1. e4 c6 2. d4 d5 3. exd5 cxd5 4. Bd3 Nc6 5. c3 Qc7 6. h3 g6 7. Ne2 Bf5 8. Bxf5 gxf5 9. Bf4 Qd7 10. Nd2 Nf6 11. Nf3 Ne4 12. Ne5 Nxe5 13. dxe5 Bg7 14. 0-0 0-0 15. Nd4 e6 16. f3 f6 17. fxe4 fxe5 18. Bxe5 Bxe5 19. exf5 exf5 20. Nxf5 Kh8 21. Qh5 Qf7 22. Qxf7 Rxf7 23. Rad1 Rd7 24. Rd3 Rf8 25. Ne3 Rxf1+ 26. Kxf1 d4 27. Nf5 Rf7 28. g4 h5 29. cxd4 Bf6 30. Ke2 Kh7 31. Kf3 Kg6 32. b3 Rc7 33. d5 b5 34. d6 Rc2 35. d7 Bd8 36. Nd4 Rxa2 37. Nxb5 hxg4+ 38. hxg4 Kf6 39. Nd6 Ke6 40. Nb7 Ke7 41. Re3+ Kxd7 42. Rd3+ Ke7 43. Nxd8 a5 44. Nc6+ Ke6 45. Kf4 a4 46. bxa4 Rxa4+ 47. Rd4 Ra6 48. Re4+ Kf7 49. Ne5+ Kg7 50. g5 Ra1 51. Rb4 Rf1+ 52. Nf3 Rf2 53. Rb7+ Kg6 54. Rb6+ Kg7 55. Kg4 Rg2+ 56. Kh5 Rf2 57. Rb7+ Kg8 58. Ne5 Ra2 59. Kh6 Ra6+ 60. Ng6 Ra7 61. Ne7+ 1-0

[Event "Prague Summer op-A 10th"]
[Site "Prague"]
[Date "2023.08.05"]
[Round "2"]
[White "Krause, Benedict"]
[Black "Minana Menor, Antonio"]
[Result "1-0"]
[WhiteElo "2409"]
[BlackElo "2093"]
[PlyCount "73"]
[EventDate "2023.08.04"]
[EventType "swiss"]
[EventRounds "9"]
[EventCountry "CZE"]
[SourceTitle "CBM 215 Extra"]
[Source "ChessBase"]
[SourceDate "2023.09.30"]
[SourceVersion "1"]
[SourceVersionDate "2023.09.30"]
[SourceQuality "1"]

1. e4 c5 2. Nf3 d6 3. d4 cxd4 4. Nxd4 Nf6 5. Nc3 g6 6. Be3 Bg7 7. f3 0-0 8. Qd2 Nc6 9. Bc4 Bd7 10. 0-0-0 Rc8 11. Bb3 Nxd4 12. Bxd4 b5 13. Nd5 Nxd5 14. Bxg7 Kxg7 15. exd5 Qb6 16. Rhe1 h5 17. Rxe7 Bf5 18. Qd4+ Qxd4 19. Rxd4 Rfe8 20. Rxe8 Rxe8 21. Kd2 g5 22. a4 a6 23. axb5 axb5 24. Rb4 Bd7 25. c4 bxc4 26. Bxc4 Kf6 27. Rb7 Rd8 28. b4 Ke5 29. Kc3 h4 30. b5 Kf4 31. b6 f5 32. Ra7 Rb8 33. Rxd7 Rxb6 34. Rf7 h3 35. gxh3 Rb1 36. Bd3 Rc1+ 37. Kd2 1-0

[Event "GER-ch blitz"]
[Site "Magdeburg"]
[Date "2022.08.21"]
[Round "16"]
[White "Krause, Benedict"]
[Black "Bluebaum, Matthias"]
[Result "1-0"]
[WhiteElo "2478"]
[BlackElo "2603"]
[PlyCount "63"]
[EventDate "2022.08.21"]
[EventType "tourn (blitz)"]
[EventRounds "29"]
[EventCountry "GER"]
[EventCategory "5"]
[SourceTitle "CBM 210 Extra"]
[Source "ChessBase"]
[SourceDate "2022.11.30"]
[SourceVersion "1"]
[SourceVersionDate "2022.11.30"]
[SourceQuality "1"]

1. e4 e6 2. d4 d5 3. Nc3 Nf6 4. e5 Nfd7 5. f4 c5 6. Nf3 Nc6 7. Be3 a6 8. Qd2 b5 9. dxc5 Bxc5 10. Bd3 Qb6 11. Bf2 h6 12. a3 Bb7 13. b4 Bxf2+ 14. Qxf2 Qxf2+ 15. Kxf2 g5 16. g3 f6 17. Rhe1 fxe5 18. Nxe5 Ncxe5 19. fxe5 0-0+ 20. Kg1 Rac8 21. Nd1 Kg7 22. a4 Bc6 23. Nc3 Bb7 24. Nd1 bxa4 25. Rxa4 Nb6 26. Ra1 Nc4 27. Ne3 Nxe5 28. Nf5+ Rxf5 29. Bxf5 Nf3+ 30. Kh1 Nxe1 31. Rxe1 Rxc2 32. Bxc2 1-0

[Event "BL2-Nord 1920"]
[Site "Germany"]
[Date "2021.08.08"]
[Round "10.1"]
[White "Krause, Benedict"]
[Black "Sawlin, Leonid"]
[Result "1/2-1/2"]
[WhiteElo "2434"]
[BlackElo "2385"]
[PlyCount "129"]
[EventDate "2019.10.19"]
[EventType "team-tourn"]
[EventRounds "9"]
[EventCountry "GER"]
[SourceTitle "EXT 2023"]
[Source "ChessBase"]
[SourceDate "2022.10.05"]
[SourceVersion "1"]
[SourceVersionDate "2022.10.05"]
[SourceQuality "1"]
[WhiteTeam "St Pauli"]
[BlackTeam "Zehlendorf"]
[WhiteTeamCountry "GER"]
[BlackTeamCountry "GER"]

1. e4 e6 2. d4 d5 3. Nc3 Nf6 4. e5 Nfd7 5. f4 c5 6. Nf3 Nc6 7. Be3 a6 8. Qd2 b5 9. dxc5 Bxc5 10. Bd3 Qb6 11. Bf2 h6 12. a3 Ra7 13. 0-0 Rc7 14. Rae1 b4 15. Na4 Bxf2+ 16. Rxf2 Qa5 17. b3 Nc5 18. Nxc5 Qxc5 19. a4 0-0 20. g4 f6 21. Kg2 Rcf7 22. Ref1 d4 23. Bg6 Rd7 24. Be4 fxe5 25. Nxe5 Nxe5 26. fxe5 Rxf2+ 27. Qxf2 Bb7 28. Qf3 Bxe4 29. Qxe4 Rd5 30. Qg6 Qe7 31. Re1 Qd7 32. Qe4 a5 33. Re2 Qc7 34. h4 d3 35. cxd3 Qc3 36. Qg6 Rxe5 37. Rxe5 Qxe5 38. Qe4 Qb2+ 39. Kg3 Qxb3 40. Qa8+ Kf7 41. Qb7+ Kf6 42. Qf3+ Ke7 43. Qb7+ Kd6 44. Qb6+ Kd5 45. Qxa5+ Kd4 46. Qb6+ Kxd3 47. a5 Ke2+ 48. Kh2 Qc2 49. Kg3 Qd3+ 50. Kh2 Qd2 51. Kg3 Qc3+ 52. Kg2 Qf3+ 53. Kh2 Qf4+ 54. Kh3 Qe3+ 55. Qxe3+ Kxe3 56. a6 b3 57. a7 b2 58. a8Q b1Q 59. Qa7+ Ke4 60. Qxg7 Qf1+ 61. Kg3 Qf4+ 62. Kg2 Qd2+ 63. Kg3 Qf4+ 64. Kg2 Qd2+ 65. Kg3 1/2-1/2

[Event "GER-ch Blitz"]
[Site "Magdeburg"]
[Date "2020.08.15"]
[Round "1"]
[White "Ehmann, Thilo"]
[Black "Krause, Benedict"]
[Result "1/2-1/2"]
[WhiteElo "2329"]
[BlackElo "2425"]
[PlyCount "69"]
[EventDate "2020.08.15"]
[EventType "tourn (blitz)"]
[EventRounds "29"]
[EventCountry "GER"]
[EventCategory "6"]
[SourceTitle "CBM 197 Extra"]
[Source "ChessBase"]
[SourceDate "2020.09.30"]
[SourceVersion "1"]
[SourceVersionDate "2020.09.30"]
[SourceQuality "1"]

1. e4 c5 2. Nf3 e6 3. d4 cxd4 4. Nxd4 Nc6 5. Nc3 Qc7 6. Be3 a6 7. Qd2 Nf6 8. 0-0-0 Bb4 9. f3 Ne7 10. Qe1 Bxc3 11. Qxc3 Qxc3 12. bxc3 d5 13. e5 Nd7 14. f4 b6 15. Bd3 Bb7 16. f5 Nxe5 17. fxe6 Nxd3+ 18. cxd3 0-0 19. Rhf1 Rae8 20. exf7+ Rxf7 21. Rxf7 Kxf7 22. Rf1+ Kg8 23. Kd2 b5 24. Rb1 Bc8 25. Rf1 Bd7 26. a3 Nc6 27. Nxc6 Bxc6 28. Bd4 Rf8 29. Re1 Re8 30. Re5 Rxe5 31. Bxe5 d4 32. Bxd4 Bxg2 33. Be5 g6 34. Ke3 Kf7 35. Kf4 1/2-1/2

[Event "GER-ch Blitz"]
[Site "Magdeburg"]
[Date "2020.08.15"]
[Round "2"]
[White "Krause, Benedict"]
[Black "Baskin, Robert"]
[Result "1/2-1/2"]
[WhiteElo "2425"]
[BlackElo "2390"]
[PlyCount "75"]
[EventDate "2020.08.15"]
[EventType "tourn (blitz)"]
[EventRounds "29"]
[EventCountry "GER"]
[EventCategory "6"]
[SourceTitle "CBM 197 Extra"]
[Source "ChessBase"]
[SourceDate "2020.09.30"]
[SourceVersion "1"]
[SourceVersionDate "2020.09.30"]
[SourceQuality "1"]

1. e4 c5 2. Nf3 d6 3. d4 cxd4 4. Nxd4 Nf6 5. Nc3 Nc6 6. Bg5 e6 7. Qd2 a6 8. 0-0-0 Bd7 9. f4 Be7 10. Nf3 b5 11. Bxf6 gxf6 12. f5 Qb6 13. Kb1 0-0-0 14. g3 Kb8 15. Bh3 Na5 16. fxe6 fxe6 17. Nd4 b4 18. Nce2 e5 19. Bxd7 Rxd7 20. Nf5 Nc4 21. Qd3 Rc8 22. Rhf1 Bf8 23. Nc1 a5 24. Nb3 a4 25. Nd2 Na3+ 26. bxa3 Rc3 27. Qd5 bxa3+ 28. Nb3 axb3 29. cxb3 Rdc7 30. Rc1 Rxc1+ 31. Rxc1 Rxc1+ 32. Kxc1 Qg1+ 33. Kc2 Qf2+ 34. Kc3 Qb2+ 35. Kc4 Qxa2 36. Qb5+ Ka7 37. Qa5+ Kb7 38. Qb5+ 1/2-1/2

[Event "GER-ch Blitz"]
[Site "Magdeburg"]
[Date "2020.08.15"]
[Round "27"]
[White "Krause, Benedict"]
[Black "Langrock, Hannes"]
[Result "1-0"]
[WhiteElo "2425"]
[BlackElo "2346"]
[PlyCount "77"]
[EventDate "2020.08.15"]
[EventType "tourn (blitz)"]
[EventRounds "29"]
[EventCountry "GER"]
[EventCategory "6"]
[SourceTitle "CBM 197 Extra"]
[Source "ChessBase"]
[SourceDate "2020.09.30"]
[SourceVersion "1"]
[SourceVersionDate "2020.09.30"]
[SourceQuality "1"]

1. e4 c5 2. Nf3 e6 3. d4 cxd4 4. Nxd4 Nf6 5. Nc3 Nc6 6. Ndb5 Bb4 7. a3 Bxc3+ 8. Nxc3 d5 9. exd5 exd5 10. Bd3 0-0 11. 0-0 d4 12. Ne2 Bg4 13. f3 Bh5 14. Nf4 Bg6 15. Nxg6 hxg6 16. f4 Re8 17. Qf3 Qb6 18. b4 Re3 19. Bxe3 dxe3 20. Kh1 Re8 21. Rae1 Nd4 22. Qh3 Nd5 23. c4 e2 24. Bxe2 Nc2 25. cxd5 Nxe1 26. Rxe1 Qf2 27. Qg3 Rxe2 28. Qxf2 Rxf2 29. g3 Kf8 30. Rc1 Ke7 31. Rc7+ Kd6 32. Rxf7 Kxd5 33. Kg1 Ra2 34. Rxg7 Ke4 35. Rc7 Rxa3 36. Rc2 Kf3 37. Rf2+ Ke3 38. Kg2 Rb3 39. Rf3+ 1-0